| 000 | 00614nam a2200181 i 4500 | ||
|---|---|---|---|
| 001 | 149188 | ||
| 003 | ES-MaACL | ||
| 005 | 20230906203007.0 | ||
| 007 | t| | ||
| 008 | 071019s1967 ve ||||1| spa d | ||
| 100 | 1 |
_aVélez Boza, Fermín. _9113828 |
|
| 245 | 1 | 0 |
_aNormas de alimentación para familias / _cpor Fermín Vélez Boza, Marieta Ferraro Martín, Emma de Sosa. |
| 250 | _a6ª ed. ampl. y corr. | ||
| 260 |
_aCaracas : _bInstituto Nacional de Nutrición, _c1967. |
||
| 300 |
_a72 p. ; _c22 cm. |
||
| 710 | 2 |
_aInstituto Nacional de Nutrición (Venezuela) _95178 |
|
| 852 |
_aES-MaACL _jC-33033 _bR.63794 |
||
| 999 |
_c149188 _d149188 |
||